书目信息 |
| 题名: |
3ds max 6室内设计经典案例课堂
|
|
| 作者: | 白光宇 编著 ;杨俊娟 译 | |
| 分册: | ||
| 出版信息: | 北京 中国青年出版社 2004.11 |
|
| 页数: | 35, 491页 | |
| 开本: | 26cm | |
| 丛书名: | 经典案例课堂系列 | |
| 单 册: | ||
| 中图分类: | TU238-39 | |
| 科图分类: | ||
| 主题词: | 图形软件--tu xing ruan jian--室内设计--计算机辅助设计 | |
| 电子资源: | ||
| ISBN: | 7-5006-5673-4 | |
| 000 | 01131nam 2200289 450 | |
| 001 | 012006592894 | |
| 005 | 20060921163210.46 | |
| 010 | @a7-5006-5673-4@dCNY49.00 (含光盘) | |
| 100 | @a20060625d2004 km y0chiy0120 ea | |
| 101 | 1 | @achi@ckor |
| 102 | @aCN@b110000 | |
| 105 | @aa z 000yy | |
| 200 | 1 | @a3ds max 6室内设计经典案例课堂@A3ds max 6 shi nei she ji jing dian an li ke tang@f(韩) 白光宇编著@F(han)bai guang yu bian zhu |
| 210 | @a北京@c中国青年出版社@d2004.11 | |
| 215 | @a35, 491页@c图@d26cm@e光盘1片 | |
| 225 | 2 | @a经典案例课堂系列@Ajing dian an li ke tang xi lie |
| 314 | @a责任者取自CIP:杨俊娟等译 | |
| 330 | @a本书是一部介绍计算机辅助设计软件3ds max 6的著作,该书包括:室内设计的基础知识、绘制简单的室内设计图纸、;平面上的立体世界等内容。 | |
| 333 | @a室内设计人员,高等院校相关专业师生及普通读者。 | |
| 410 | 0 | @12001 @a经典案例课堂系列 |
| 606 | 0 | @a图形软件@Atu xing ruan jian@x室内设计@x计算机辅助设计 |
| 610 | 0 | @a3DS MAX |
| 690 | @aTU238-39@v4 | |
| 701 | 0 | @a白光宇@Abai guang yu@4编著 |
| 702 | 0 | @a杨俊娟@Ayang jun juan@4译 |
| 801 | 0 | @aCN@bQSSK@c20060921 |
| 905 | @a10447@dTU238-39@eB128 | |
| 3ds max 6室内设计经典案例课堂/(韩) 白光宇编著.-北京:中国青年出版社,2004.11 |
| 35, 491页:图;26cm+光盘1片.-(经典案例课堂系列) |
| 使用对象:室内设计人员,高等院校相关专业师生及普通读者。 |
| ISBN 7-5006-5673-4:CNY49.00 (含光盘) |
| 本书是一部介绍计算机辅助设计软件3ds max 6的著作,该书包括:室内设计的基础知识、绘制简单的室内设计图纸、;平面上的立体世界等内容。 |
| ● |
| 相关链接 |
|
|
|
正题名:3ds max 6室内设计经典案例课堂
索取号:TU238-39/B128
 
预约/预借
| 序号 | 登录号 | 条形码 | 馆藏地/架位号 | 状态 | 备注 |
| 1 | 591775 | 205917757 | 建筑库101/101建筑库 52排2列2层/ [索取号:TU238-39/B128] | 在馆 | |
| 2 | 591776 | 205917766 | 建筑库101/101建筑库 52排2列2层/ [索取号:TU238-39/B128] | 在馆 | |
| 3 | 591777 | 205917775 | 建筑库101/101建筑库 52排2列2层/ [索取号:TU238-39/B128] | 在馆 |